000 01481nam a2200361Ia 4500
001 ebr10080956
003 CaPaEBR
006 m u
007 cr cn|||||||||
008 030701s2004 enka sb 001 0 eng d
010 _z 2003109266
020 _z0761966048
020 _z0761966056 (pbk.)
040 _aCaPaEBR
_cCaPaEBR
035 _a(OCoLC)84374975
050 1 4 _aHF5415.12.E9
_bH37 2004eb
082 0 4 _a381/.094
_222
245 0 0 _aEuropean business and marketing
_h[electronic resource] /
_cedited by Phil Harris and Frank McDonald.
250 _a2nd ed.
260 _aLondon ;
_aThousand Oaks, Calif. :
_bSage Publications,
_c2004.
300 _axxix, 302 p. :
_bill.
500 _aRev. ed. of: European business and marketing / Phil Harris and Frank McDonald. c1994.
504 _aIncludes bibliographical references and index.
533 _aElectronic reproduction.
_bPalo Alto, Calif. :
_cebrary,
_d2005.
_nAvailable via World Wide Web.
_nAccess may be limited to ebrary affiliated libraries.
650 0 _aMarketing
_zEuropean Union countries.
651 0 _aEuropean Union countries
_xCommerce.
655 7 _aElectronic books.
_2local
700 1 _aHarris, Phil,
_d1952-
700 1 _aMcDonald, Frank,
_d1951-
700 1 _aHarris, Phil,
_d1952-
_tEuropean business and marketing.
710 2 _aebrary, Inc.
856 4 0 _uhttp://site.ebrary.com/lib/rucke/Doc?id=10080956
_zAn electronic book accessible through the World Wide Web; click to view
999 _c157873
_d157873